000 00933nam a22002897a 4500
001 BR7704735
003 BR-BrBNA
005 20230928085414.0
007 ta
008 230509b bl.||||| |||| 00| 0 por d
040 _aBR-BrBNA
_bpor
_cBiblioteca Nacional de Agricultura
041 _a(Por)
072 _aE15; E30
_b/G514
090 _ E15 BR7704735
110 1 _aSubsecretaria de Planejamento e Orcamento, Brasilia, DF (Brasil). Assessoria de Programacao e Orcamento
_99981
245 1 _aNegociacao de recursos orcamentarios para 1978. Documentos e informacoes [financiamento, politica agricola, Brasil]
260 3 _aBrasilia, DF (Brasil):
_c[nd].
300 _a56 p.
500 _aNumerical data; Published 1977?
650 _aORCAMENTO
650 _aFINANCIAMENTO
650 _aCREDITO
650 _aPOLITICA AGRICOLA
650 _aPLANEJAMENTO AGRICOLA
909 _a202309
_bLucia
_c55
_dLucia Elande
942 _cBK
999 _c24251
_d24251